000 01533cam a2200397 a 4500
001 000010559
003 DO-SdBNP
005 20251030120405.0
008 840222m19821984ve a 000 m spa d
035 _a(DLC) 54024132
040 _aDO-SdBNP
_bspa
_cBNPHU
_dDLC
049 _aBNGR
082 _aV868.2
_bB446ó, 1981
100 1 _aBello, Andrés,
_d1781-1865
_922352
245 1 0 _aObras completas /
_cAndrés Bello.
250 _a2a ed.
260 _aCaracas :
_bFundación La casa de Bello,
_c1982-1984.
300 _av. :
_bil. ;
_c23 cm.
500 _aLa biblioteca posee los volúmenes: 22 tomo 2, 25 y 26.
504 _aIncluye referencias bibliográficas y notas al pie de las páginas.
505 0 _gv. 22. t.2.
_tTemas educacionales /
_rprólogo de Luis B. Prieto F.
505 0 _gVol. 25.
_tEpistolario /
_rprólogo de Oscar Sambrano Urdeneta.
505 0 _aVol. 26
_tEpistolario /
_rprólogo de Oscar Sambrano Urdeneta.
600 1 0 _aBello, Andrés,
_d1781-1865,
_xCrítica e interpretación
_923708
_2LEMB
650 4 _aCrítica literaria
_xHistoria
_925623
650 4 _aLiteratura venezolana
_xHistoria y crítica
_98073
650 4 _aGénero (gramática)
_925624
650 0 _aDerecho internacional
_93258
650 4 _aDerecho civil
_xColecciones de escritos
_925625
650 4 _aDerecho civil
_xLegislación
_99313
651 0 _aVenezuela
_xPolítica y gobierno
_926230
651 4 _aChile
_xPolítica y gobierno
_925626
910 _aCatalogación por copia / LC
910 _aWM
942 _2ddc
_cLBS1
999 _c10317
_d10317